| 000 | 00351nam a2200133Ia 4500 | ||
|---|---|---|---|
| 008 | 190216s9999||||xx |||||||||||||| ||und|| | ||
| 100 | _aProf. K.K .asokan | ||
| 245 | 0 | _aFunds Manegement In Banks And Insurance Companies | |
| 250 | _ai | ||
| 260 |
_bCalicut University Central Co-Operative _c2006 |
||
| 300 | _a318 | ||
| 650 | _aCommerce | ||
| 942 | _cBK | ||
| 999 |
_c8154 _d8154 |
||